Industrálna organizácia - prínosa Jeana Tirola, nositeľa Nobelovej ceny za ekonómiu za rok 2014

Správanie sa monopolných firiem na nedokonale konkurenčných trhoch a možnosti (v rámci teórie industriálnej ekonómie) ako (v duchu teórie J.Tirola) predchádzať ich nerivalitnému správaniu sa a "bojovať" proti nim.

Salvato in:
Dettagli Bibliografici
Autore principale: Tokárová, Mária
Natura: Capitolo di libro
Lingua:slovacco
Soggetti:
Tags: Aggiungi Tag
Nessun Tag, puoi essere il primo ad aggiungerne!!

MARC

LEADER 00000naa a2200000 4500
001 0197011
005 20240502073325.1
041 0 |a slo 
044 |a SK 
245 1 0 |a Industrálna organizácia - prínosa Jeana Tirola, nositeľa Nobelovej ceny za ekonómiu za rok 2014  |c Mária Tokárová 
520 |a Správanie sa monopolných firiem na nedokonale konkurenčných trhoch a možnosti (v rámci teórie industriálnej ekonómie) ako (v duchu teórie J.Tirola) predchádzať ich nerivalitnému správaniu sa a "bojovať" proti nim. 
610 2 0 |a Nobelova cena 
610 2 0 |a politika hospodárska 
610 2 0 |a trh relevantný 
610 2 0 |a konkurencia 
610 2 0 |a monopoly 
610 2 0 |a monopoly prirodzené 
610 2 0 |a regulácia 
610 2 0 |a politika protimonopolná 
610 2 0 |a Tirole, Jean 
100 1 |a Tokárová, Mária